00661cam a2200193 4500001000500000005001700005008003900022010001700061020000500078100003500083130003600118245009300154250001900247260007900266300002500345546003900370650003700409650002100446581820181127180334.0060401s2004 ce 000 0 eng a 2006345773 a aAnandajoti, Bhikkhu.bcdeq0 aCatubhanavara.lEnglish & Pali.10aDaily chanting :ba book of daily workship /cedited & translated by Anandajoti Bhikkhu. a3rd Edition.b aTaiwan :bThe corporate body of the Buddha educational foundation ,c2014. axi, 202 p. ;c23 cm. aEnglish and Palib(Pali in roman). 0aBuddhismvPrayers and devotions. 0aBuddhist chants.